000 01384cam a2200349 a 4500
999 _c328827
_d328827
001 110590
003 Nust
005 20170417155336.0
008 971009r19961860pk ab 001 0deng
010 _a 96930455
020 _a9694022770
025 _aP-E-96930455; 07; 12
040 _aDLC
_cDLC
_dDLC
042 _alcode
043 _aac-----
_ae-urs--
050 0 0 _aDK755
_b.A774 1996
082 0 0 _a915.804507
_221
_bATK
100 1 _aAtkinson, Thomas Witlam,
_d1799-1861.
245 1 0 _aTravels in the regions of the upper and lower Amoor and the Russian acquisitions on the confines of India and China :
_bwith adventures among the mountain Kirghis... /
_cThomas Witlam Atkinson.
260 _aLahore, Pakistan :
_bVanguard Books,
_c1996.
300 _axiii, 570 p. :
_bill., 1 map (folded) ;
_c22 cm.
500 _aOriginally published: London : Hurst and Blackett, 1860.
500 _aIncludes index.
600 1 0 _aAtkinson, Thomas Witlam,
_d1799-1861.
651 0 _aSiberia (Russia)
_xDescription and travel.
651 0 _aAmur River Valley (China and Russia)
_xDescription and travel.
651 0 _aAsia, Central
_xDescription and travel.
906 _a7
_bcbc
_corigode
_d3
_encip
_f19
_gy-gencatlg
942 _2ddc
_cBK